Terrestrial slugs : biology, ecology and control

Saved in:
Bibliographic Details
Main Author: South, A.
Format: Book
Language:English
Published: London : Chapman & Hall, c1992
Subjects:
Tags: Add Tag
No Tags, Be the first to tag this record!

MARC

LEADER 00000nam a2200000 i 4500
001 1/103735
008 000301s1992 eng d
020 |a 0-412-36810-2 
035 |l 10058585 
040 |a GR-MY-UA  |b gre  |e aacr 
041 0 |a eng 
082 0 |a 594.38 
100 1 |a South, A. 
245 1 0 |a Terrestrial slugs :  |b biology, ecology and control /  |c A. South 
260 |a London :   |b Chapman & Hall,   |c c1992 
300 |a 428 p. 
504 |a Includes bibliographical references (p. [350]-420) and index 
650 0 0 |a Gastropoda. 
650 0 0 |a Gastropoda  |x Control. 
852 |a INST  |b LESVOS  |e 20000301  |h 594.38 SOU  |p 005100023882  |q 005100023882  |t BK  |y 0 
901 |a BIBL1-2000-1 
909 |a Λ  |b 074166 
922 |a 1ΕΛΗ  |b 200001  |c ΚΠΣ/ΤΠ  |d GLORY 
950 |a 107-1999-12-21 
970 |a ΤΖΑΦΕΡΗ  |b ΕΥΑΓΓΕΛΙΑ  |z 2000/03/03